| 000 | 00896nam a2200265Ia 4500 | ||
|---|---|---|---|
| 001 | Para_3271 | ||
| 003 | CHAP | ||
| 008 | 220125s9999 xx 000 0 und d | ||
| 010 | _a201759 | ||
| 040 | _cCHAP | ||
| 082 | _aPA-C 595.77 D5 | ||
| 100 |
_aKnowlton, G. F. _963558 |
||
| 245 |
_aNotes on Utah syrphidae / _c by G. F. Knowlton and H. J. Pack |
||
| 260 |
_a: _b |
||
| 500 | _aSobretiro de Pan-Pacific entomologist 6 (4): 182-189, 1930. Encuadernado con: Notes on american two-winged flies of the family sapromyzidae/by J. R. Malloch 74-61 | ||
| 650 |
_aDÃpteros Syrphidae _xUtah _9166675 |
||
| 700 |
_aPack, H. J. _984617 |
||
| 901 | _aPA-C 595.77 D5 | ||
| 902 | _aA | ||
| 905 | _a000000 0000000000 00 | ||
| 910 | _a | ||
| 942 | _cPARA | ||
| 942 |
_cPARA _d1 |
||
| 999 |
_c201759 _d201759 |
||